000 00434nam a2200145Ia 4500
008 230917s9999||||xx |||||||||||||| ||und||
040 _e196337
_aMAIN
041 _aEnglish
082 _a891.43301731 SM64:AK
100 _aअनिळ कुमार
245 0 _aमहीप रचनावली 10 खण्ड
260 _aनई दिल्ली
_bनमन प्रकाशन
_c2007
300 _av. p.
942 _cHN
999 _c169135
_d169135